<The> Specifications of a literature text which wins the literary competition - the Ingeborg Bachmann prize

Enregistré dans:
Détails bibliographiques
Auteur principal: Chmelárová Marková, Hana, 1981-
Format: Chapitre de livre
Langue:anglais
Sujets:
Tags: Ajouter un tag
Pas de tags, Soyez le premier à ajouter un tag!

MARC

LEADER 00000naa$a2200000$$$4500
001 0214456
005 20240502073603.0
041 0 |a eng 
044 |a SK 
245 1 0 |a <The> Specifications of a literature text which wins the literary competition - the Ingeborg Bachmann prize  |c Hana Chmelárová Marková 
500 |a Abstrakt 
610 2 0 |a jazyky cudzie 
610 2 0 |a nemčina 
610 2 0 |a literatúra 
610 2 0 |a monografie 
610 2 0 |a médiá 
610 2 0 |a súťaže 
610 2 0 |a ceny 
610 2 0 |a kompetencie komunikačné 
610 2 0 |a konkurencia 
100 1 |a Chmelárová Marková, Hana, 1981-